Information Technology: Indias Tomorrow (Record no. 134)

MARC details
000 -LEADER
fixed length control field 00448nam a22001697a 4500
005 - DATE AND TIME OF LATEST TRANSACTION
control field 20180201112024.0
008 - FIXED-LENGTH DATA ELEMENTS--GENERAL INFORMATION
fixed length control field 160427b xxu||||| |||| 00| 0 eng d
020 ## - INTERNATIONAL STANDARD BOOK NUMBER
ISBN 81-7049119-3
041 ## - LANGUAGE CODE
Language code of text/sound track or separate title eng
082 ## - DEWEY DECIMAL CLASSIFICATION NUMBER
Item number 00440
Classification number 004
100 ## - MAIN ENTRY--AUTHOR NAME
Personal name Vittal, N and Mahalingam, Dr. S
245 ## - TITLE STATEMENT
Title Information Technology: Indias Tomorrow
260 ## - PUBLICATION, DISTRIBUTION, ETC. (IMPRINT)
Place of publication New Delhi
Name of publisher Manas Publ.
Year of publication 2001
300 ## - PHYSICAL DESCRIPTION
Number of Pages 416
650 ## - SUBJECT ADDED ENTRY--TOPICAL TERM
Topical Term Information Technology
942 ## - ADDED ENTRY ELEMENTS (KOHA)
Koha item type Books
Holdings
Lost status Damaged status Collection code Home library Current library Shelving location Date acquired Source of acquisition Cost, normal purchase price Full call number Accession Number Koha item type
    CS/IT JRU Library JRU Library SHELF-48-D 27/04/2016 PURCHASE 795.00 004 00440 Books